| 000 | 00343nam a22001457a 4500 | ||
|---|---|---|---|
| 003 | OSt | ||
| 005 | 20220223111612.0 | ||
| 008 | 220223b |||||||| |||| 00| 0 eng d | ||
| 020 | _a9780071475556 | ||
| 040 | _cHU | ||
| 082 |
_22nd _a693.1 |
||
| 100 |
_aTaly _931295 |
||
| 245 | _aDesign Of Reinforced Masonry Structures | ||
| 942 |
_2ddc _cBOOKS _n0 |
||
| 999 |
_c31361 _d31361 |
||